รายงานประจำปี 2567 สำนักงานมาตรฐานผลิตภัณฑ์อุตสาหกรรม = (ระเบียนเลขที่ 107034)
| 000 -LEADER | |
|---|---|
| fixed length control field | 02284nam a22002417a 4500 |
| 003 - CONTROL NUMBER IDENTIFIER | |
| control field | NALT |
| 005 - DATE AND TIME OF LATEST TRANSACTION | |
| control field | 20250818221654.0 |
| 008 - FIXED-LENGTH DATA ELEMENTS--GENERAL INFORMATION | |
| fixed length control field | 250804b th ||||| |||| 00| 0 tha d |
| 040 ## - CATALOGING SOURCE | |
| Original cataloging agency | NALT |
| 110 2# - MAIN ENTRY--CORPORATE NAME | |
| Corporate name or jurisdiction name as entry element | กระทรวงอุตสาหกรรม. |
| Subordinate unit | สำนักงานมาตรฐานผลิตภัณฑ์อุตสาหกรรม |
| 9 (RLIN) | 1509 |
| 245 10 - TITLE STATEMENT | |
| Title | รายงานประจำปี 2567 สำนักงานมาตรฐานผลิตภัณฑ์อุตสาหกรรม = |
| Remainder of title | Annual report 2024 Thai Industrial Standards Institute / |
| Statement of responsibility, etc | สำนักงานมาตรฐานผลิตภัณฑ์อุตสาหกรรม. |
| Medium | [electronic resource] |
| 260 ## - PUBLICATION, DISTRIBUTION, ETC. | |
| Place of publication, distribution, etc. | กรุงเทพฯ : |
| Name of publisher, distributor, etc. | สำนักงานมาตรฐานผลิตภัณฑ์อุตสาหกรรม, |
| Date of publication, distribution, etc. | 2568. |
| 300 ## - PHYSICAL DESCRIPTION | |
| Extent | Online resource |
| 505 0# - FORMATTED CONTENTS NOTE | |
| Formatted contents note | ส่วนที่ 01 สารจากผู้บริหารและการบริหารองค์กร Executive messages and organizational administration --<br/>ส่วนที่ 02 การดำเนินงานตามนโยบายรัฐบาล Response to government policy --<br/>ส่วนที่ 03 การส่งเสริม พัฒนาและสร้างความตระหนักด้านมาตรฐาน Promotion of development and raise awareness of standards --<br/>ส่วนที่ 04 สรุปผลการดำเนินงานในรอบปี 2567 TISI operation in the year 2024 --<br/>ส่วนที่ 05 อื่นๆ Other -- <br/>ส่วนที่ 06 การมาตรฐานในรอบปี 2567 Standardization in the year 2024. |
| 610 24 - SUBJECT ADDED ENTRY--CORPORATE NAME | |
| Corporate name or jurisdiction name as entry element | สำนักงานมาตรฐานผลิตภัณฑ์อุตสาหกรรม |
| General subdivision | รายงานประจำปี |
| Chronological subdivision | 2567 |
| 9 (RLIN) | 66407 |
| 850 ## - HOLDING INSTITUTION | |
| Holding institution | NALT |
| 856 40 - ELECTRONIC LOCATION AND ACCESS | |
| Uniform Resource Identifier | <a href="https://mindmediacenter.com/live/tisi-ar-2024/">https://mindmediacenter.com/live/tisi-ar-2024/</a> |
| Public note (Online Database name) | E-Book |
| 942 ## - ADDED ENTRY ELEMENTS (KOHA) | |
| Source of classification or shelving scheme | Local Classification |
| Koha item type | E-Book |
| 996 ## - STAFF PROCESSING RECORDS (NALT) | |
| Staff name | jidapa.t |
| Staff type | ACQSTF |
| Acquisition or Cataloging date (ใส่ปี ค.ศ. : YYYY-MM-DD เช่น 2023-03-15) | 2025-08-04 |
| 996 ## - STAFF PROCESSING RECORDS (NALT) | |
| Staff name | varee.k |
| Staff type | LIBSTF |
| Acquisition or Cataloging date (ใส่ปี ค.ศ. : YYYY-MM-DD เช่น 2023-03-15) | 2025-08-06 |
| 996 ## - STAFF PROCESSING RECORDS (NALT) | |
| Staff name | jamriang.p |
| Staff type | CATSTF |
| Acquisition or Cataloging date (ใส่ปี ค.ศ. : YYYY-MM-DD เช่น 2023-03-15) | 2025-08-06 |
| 998 ## - STAFF NAME | |
| -- | 25 |
| -- | นีลวัสน์ อินทรักษา |
| Withdrawn status | Lost status | Source of classification or shelving scheme | Damaged status | Not for loan | Collection code | Home library | Current library | Shelving location | Date acquired | Date last seen | Koha item type |
|---|---|---|---|---|---|---|---|---|---|---|---|
| Local Classification | Electronic Resources | National Assembly Library of Thailand | National Assembly Library of Thailand | Online Access | 06/08/2025 | 06/08/2025 | E-Book |
